000 00625nam a22001817a 4500
003 OSt
005 20250816112508.0
008 250816b |||||||| |||| 00| 0 eng d
020 _a978-93-82762-7
040 _cSBCL
082 _a265
_bPIT-S
100 _aPittappllil,Francis
245 _aThe Sacraments of Iniation
_bA Critical Study of Baptismal Memra in Exposition of the Church Services of the Anonymous Author of the th Century
260 _aKottyam
_bOriental Institute of Religious Studies India
_c2020
300 _a191p.
650 _2Religion
_aChristian organization, social work & worship
942 _cBOOK
999 _c137383
_d137383